<?xml version="1.0" encoding="UTF-8"?>
<record
    xmlns:xsi="http://www.w3.org/2001/XMLSchema-instance"
    xsi:schemaLocation="http://www.loc.gov/MARC21/slim http://www.loc.gov/standards/marcxml/schema/MARC21slim.xsd"
    xmlns="http://www.loc.gov/MARC21/slim">

  <leader>00693nam a22001697a 4500</leader>
  <controlfield tag="005">20260310150053.0</controlfield>
  <datafield tag="010" ind1=" " ind2=" ">
    <subfield code="a">BACHN26</subfield>
  </datafield>
  <datafield tag="020" ind1=" " ind2=" ">
    <subfield code="a">9789392994241</subfield>
    <subfield code="c">299.00</subfield>
  </datafield>
  <datafield tag="037" ind1=" " ind2=" ">
    <subfield code="a">&#x926;&#x947; &#x92A;&#x947;&#x902;&#x92E;&#x928; &#x92A;&#x94D;&#x930;&#x947;&#x938; </subfield>
  </datafield>
  <datafield tag="082" ind1=" " ind2=" ">
    <subfield code="2">1</subfield>
    <subfield code="a">923.254</subfield>
  </datafield>
  <datafield tag="100" ind1=" " ind2=" ">
    <subfield code="a">&#x91A;&#x93E;&#x922;&#x93C;&#x915;, &#x905;&#x936;&#x94B;&#x915; </subfield>
    <subfield code="9">88224</subfield>
  </datafield>
  <datafield tag="245" ind1=" " ind2=" ">
    <subfield code="a">&#x938;&#x94D;&#x935;&#x924;&#x902;&#x924;&#x94D;&#x930;&#x924;&#x93E; &#x938;&#x902;&#x917;&#x94D;&#x930;&#x93E;&#x92E; &#x915;&#x940; &#x917;&#x941;&#x92E;&#x928;&#x93E;&#x92E; &#x935;&#x940;&#x930;&#x93E;&#x902;&#x917;&#x928;&#x93E;&#x90F;/</subfield>
    <subfield code="b">&#x905;&#x936;&#x94B;&#x915; &#x91A;&#x93E;&#x922;&#x93C;&#x915; </subfield>
  </datafield>
  <datafield tag="250" ind1=" " ind2=" ">
    <subfield code="a">1</subfield>
  </datafield>
  <datafield tag="260" ind1=" " ind2=" ">
    <subfield code="a">&#x909;&#x924;&#x94D;&#x924;&#x930; &#x92A;&#x94D;&#x930;&#x926;&#x947;&#x936; </subfield>
    <subfield code="b">&#x926;&#x947; &#x92A;&#x947;&#x902;&#x92E;&#x928; &#x92A;&#x94D;&#x930;&#x947;&#x938; </subfield>
    <subfield code="c">2024</subfield>
  </datafield>
  <datafield tag="300" ind1=" " ind2=" ">
    <subfield code="a">140&#x92A;&#x943;.</subfield>
    <subfield code="c">22&#x938;&#x947;&#x92E;&#x940;.(&#x906;&#x91C;&#x93F;&#x932;&#x94D;&#x926;)</subfield>
  </datafield>
  <datafield tag="942" ind1=" " ind2=" ">
    <subfield code="2">ddc</subfield>
    <subfield code="c">HN</subfield>
    <subfield code="m">&#x91A;&#x93E;&#x922;&#x93C;&#x915; </subfield>
    <subfield code="h">923.254</subfield>
  </datafield>
  <datafield tag="999" ind1=" " ind2=" ">
    <subfield code="c">215440</subfield>
    <subfield code="d">215440</subfield>
  </datafield>
</record>
